NCAA Division I FBS Football Teams Nicknames - Statistics

General Stats
  • This quiz has been taken 193 times
    192 since last reset
  • The average score is 107 of 136
Answer Stats
Hint Answer % Correct
Auburn | Clemson | Louisiana State | +2 others Tigers
96%
California State - Fresno | Georgia | Louisiana Tech | Mississippi State Bulldogs
94%
Ohio State Buckeyes
92%
Alabama Crimson Tide
92%
Oregon Ducks
92%
Florida Gators
92%
Baylor | Missouri State Bears
91%
Michigan State | San Jose State Spartans
91%
Stanford Cardinal
90%
Ball State | Louisville Cardinals
90%
Boston College | Eastern Michigan | Georgia Southern Eagles
90%
Connecticut | Northern Illinois | Washington Huskies
90%
Texas Longhorns
90%
Florida Atlantic | Kennesaw State | Rice | Temple Owls
90%
Michigan Wolverines
90%
Notre Dame Fighting Irish
89%
Miami Hurricanes
89%
Arizona | Kansas State | Kentucky | Northwestern Wildcats
89%
Duke Blue Devils
88%
Tennessee Volunteers
88%
Oklahoma State | Wyoming Cowboys
87%
Jacksonville State | South Carolina Gamecocks
87%
Kansas Jayhawks
87%
Arkansas Razorbacks
87%
Oklahoma Sooners
87%
Nebraska Cornhuskers
86%
Indiana Hoosiers
86%
Syracuse Orange
86%
North Carolina Tar Heels
86%
New Mexico State | Texas A&M | Utah State Aggies
85%
Brigham Young | Houston | Washington State Cougars
85%
Iowa Hawkeyes
85%
Florida International | Georgia State | Pittsburgh Panthers
85%
Southern California | Troy Trojans
85%
Sam Houston State Bearkats
84%
Oregon State Beavers
84%
Colorado Buffaloes
84%
Pennsylvania State Nittany Lions
84%
East Carolina Pirates
84%
Florida State Seminoles
84%
Arizona State Sun Devils
84%
Cincinnati Bearcats
83%
Purdue Boilermakers
83%
Utah Utes
83%
Minnesota Golden Gophers
82%
Appalachian State | West Virginia Mountaineers
82%
Wisconsin Badgers
81%
Iowa State Cyclones
81%
Tulane Green Wave
81%
Texas Christian Horned Frogs
81%
Navy Midshipmen
81%
North Carolina State Wolfpack
81%
Nevada Wolf Pack
81%
California - Los Angeles Bruins
79%
Buffalo | South Florida Bulls
79%
Illinois Fighting Illini
79%
Virginia Cavaliers
78%
Maryland Terrapins
78%
Wake Forest Demon Deacons
77%
Georgia Tech Yellow Jackets
77%
Army Black Knights
76%
Mississippi | Nevada - Las Vegas Rebels
76%
Boise State | Western Michigan Broncos
75%
Vanderbilt Commodores
75%
California Golden Bears
75%
Central Florida Knights
75%
Southern Methodist Mustangs
75%
Texas Tech Red Raiders
74%
Virginia Tech Hokies
73%
Massachusetts Minutemen
73%
Colorado State Rams
73%
Air Force | Bowling Green Falcons
72%
Hawaii Rainbow Warriors
71%
Akron Zips
70%
Ohio | Texas State Bobcats
68%
San Diego State Aztecs
67%
Toledo Rockets
67%
Rutgers Scarlet Knights
67%
Charlotte 49ers
66%
New Mexico Lobos
64%
Texas - San Antonio Roadrunners
64%
North Texas Mean Green
61%
Liberty Flames
59%
Texas - El Paso Miners
58%
Alabama - Birmingham Blazers
56%
Marshall Thundering Herd
56%
Kent State Golden Flashes
55%
Miami (Ohio) RedHawks
53%
Central Michigan Chippewas
51%
Tulsa Golden Hurricane
50%
Western Kentucky Hilltoppers
50%
Louisiana Ragin' Cajuns
50%
Southern Mississippi Golden Eagles
49%
Arkansas State Red Wolves
48%
James Madison Dukes
46%
South Alabama Jaguars
46%
Middle Tennessee Blue Raiders
44%
Coastal Carolina Chanticleers
44%
Old Dominion Monarchs
44%
Louisiana - Monroe Warhawks
36%
Delaware Fightin' Blue Hens
24%
No matching quizzes found
Score Distribution
Percent of People with Each Score
Percentile by Number Answered
Your Score History
You have not taken this quiz since the last reset